01709nam a2200289 a 450000500170000000800410001704000120005804100080007004400070007810000380008511000510012324501260017426000600030030000100036052004800037065000190085065000210086965000340089066200630092466200630098766200570105066200620110766200580116966200710122766200610129866200600135920200104041603.0140127b2007 ck ||||| |||| 00| 0 spa d cCO-BoIH aspa ack aEcheverri Ramírez, Paola Andrea bCorporación Autónoma Regional de Risaralda aInforme final reformulación de objetivos de conservación en áreas protegidas del Sistema Departametnal de Risaralda aPereirabInstituto Alexander von HumboldtbCARDERc2007 a53 p. aSe presentan en contexto el Sistema Departamental de Areas Naturales Progegidas de Risaralda y las área protegidas en las cuales se reformularon objetivos de conservación. Se presentan los antecedentes de la reformulación de objetivos de conservación. Se analizan los objetivos de conservación y las metas de gestión. Se presenta una síntesis de valores objeto de conservación identificados por las comunidades para las áreas protegidas del SIDAP RISARALDA. aConservación aAreas protegidas aSistema de Áreas Protegidas aColombiacParque Municipal Natural Santa EmiliabRisaralda aColombiacParque Municipal Natural Alto del ReybRisaralda aColombiacParque Municipal Natural VerdumbRisaralda aColombiacParque Municipal Natural Cerro GobiabRisaralda aColombiacParque Municipal Natural La NonabRisaralda aColombiacParque Municipal Natural Planes de San RafaelbRisaralda aColombiacParque Municipal Natural RíonegrobRisaralda aColombiacParque Municipal Natural AgualindabRisaralda